| 000 | 01632nam a2200397 a 4500 | ||
|---|---|---|---|
| 001 | ebr10490261 | ||
| 003 | CaPaEBR | ||
| 006 | m u | ||
| 007 | cr cn||||||||| | ||
| 008 | 050412s2005 nyuab sb 001 0 eng d | ||
| 010 | _z 2006373469 | ||
| 020 | _z0567082091 | ||
| 020 | _z0567082199 (pbk.) | ||
| 020 | _z9780567082091 (hardback) | ||
| 020 | _z9780567082190 | ||
| 020 | _z9780567438959 (e-book) | ||
| 040 |
_aCaPaEBR _cCaPaEBR |
||
| 035 | _a(OCoLC)649855307 | ||
| 050 | 1 | 4 |
_aBS2625.52 _b.A44 2005eb |
| 082 | 0 | 4 |
_a226.6/066 _222 |
| 100 | 1 | _aAlexander, Loveday. | |
| 245 | 1 | 0 |
_aActs in its ancient literary context _h[electronic resource] : _ba classicist looks at the Acts of the Apostles / _cLoveday C.A. Alexander. |
| 260 |
_aNew York : _bT & T Clark International, _cc2005. |
||
| 300 |
_axi, 290 p. : _bill., maps. |
||
| 490 | 1 | _aT & T Clark biblical studies | |
| 490 | 1 |
_aEarly Christianity in context ; _v298 |
|
| 500 | _aPaperback edition 2007. | ||
| 504 | _aIncludes bibliographical references (p. 253-271) and indexes. | ||
| 533 |
_aElectronic reproduction. _bPalo Alto, Calif. : _cebrary, _d2013. _nAvailable via World Wide Web. _nAccess may be limited to ebrary affiliated libraries. |
||
| 630 | 0 | 0 |
_aBible. _pN.T. _pActs _xCriticism, interpretation, etc. |
| 655 | 7 |
_aElectronic books. _2local |
|
| 710 | 2 | _aebrary, Inc. | |
| 830 | 0 |
_aLibrary of New Testament studies. _pEarly Christianity in context ; _v298. |
|
| 830 | 0 | _aT & T Clark biblical studies. | |
| 856 | 4 | 0 |
_uhttp://site.ebrary.com/lib/rucke/Doc?id=10490261 _zAn electronic book accessible through the World Wide Web; click to view |
| 999 |
_c127223 _d127223 |
||